New roles and relevance : (Record no. 9208)
[ view plain ]
| 000 -LEADER | |
|---|---|
| fixed length control field | 01054cam a22002774a 4500 |
| 001 - CONTROL NUMBER | |
| control field | 12113937 |
| 003 - CONTROL NUMBER IDENTIFIER | |
| control field | OSt |
| 005 - DATE AND TIME OF LATEST TRANSACTION | |
| control field | 20240716161413.0 |
| 008 - FIXED-LENGTH DATA ELEMENTS--GENERAL INFORMATION | |
| fixed length control field | 000720s2000 ctu b 001 0 eng |
| 010 ## - LIBRARY OF CONGRESS CONTROL NUMBER | |
| LC control number | 00060740 |
| 020 ## - INTERNATIONAL STANDARD BOOK NUMBER | |
| International Standard Book Number | 1565491211 (cloth : alk. paper) |
| 020 ## - INTERNATIONAL STANDARD BOOK NUMBER | |
| International Standard Book Number | 1565491203 (pbk. : alk. paper) |
| 040 ## - CATALOGING SOURCE | |
| Original cataloging agency | DLC |
| Transcribing agency | MUST |
| Modifying agency | DLC |
| 042 ## - AUTHENTICATION CODE | |
| Authentication code | pcc |
| 082 00 - DEWEY DECIMAL CLASSIFICATION NUMBER | |
| Classification number | 338.91 NEW 2000 |
| Edition number | 21 |
| 245 00 - TITLE STATEMENT | |
| Title | New roles and relevance : |
| Remainder of title | development NGOs and the challenge of change / |
| Statement of responsibility, etc. | David Lewis, Tina Wallace, editors. |
| 260 ## - PUBLICATION, DISTRIBUTION, ETC. (IMPRINT) | |
| Place of publication, distribution, etc. | West Hartford, CT: |
| Name of publisher, distributor, etc. | Kumarian Press, |
| Date of publication, distribution, etc. | 2000. |
| 300 ## - PHYSICAL DESCRIPTION | |
| Extent | xvii, 252 p. ; |
| Dimensions | 23 cm. |
| 504 ## - BIBLIOGRAPHY, ETC. NOTE | |
| Bibliography, etc | Includes bibliographical references (p. [225]-240) and index. |
| 650 #0 - SUBJECT ADDED ENTRY--TOPICAL TERM | |
| Topical term or geographic name as entry element | Non-governmental organizations. |
| 9 (RLIN) | 7861 |
| 700 1# - ADDED ENTRY--PERSONAL NAME | |
| Personal name | Lewis, David, |
| Dates associated with a name | 1960- |
| 9 (RLIN) | 7862 |
| 700 1# - ADDED ENTRY--PERSONAL NAME | |
| Personal name | Wallace, Tina. |
| 9 (RLIN) | 7863 |
| 906 ## - LOCAL DATA ELEMENT F, LDF (RLIN) | |
| a | 7 |
| b | cbc |
| c | orignew |
| d | 1 |
| e | ocip |
| f | 20 |
| g | y-gencatlg |
| 942 ## - ADDED ENTRY ELEMENTS (KOHA) | |
| Source of classification or shelving scheme | Dewey Decimal Classification |
| Koha item type | Open Shelf |
| Withdrawn status | Lost status | Source of classification or shelving scheme | Damaged status | Not for loan | Home library | Current library | Date acquired | Source of acquisition | Inventory number | Total Checkouts | Full call number | Barcode | Date last seen | Price effective from | Koha item type |
|---|---|---|---|---|---|---|---|---|---|---|---|---|---|---|---|
| Dewey Decimal Classification | MUST Main Library | MUST Main Library | 16/07/2024 | Purchase | 06/27091 | 338.91 NEW 2000 | 2024-21994 | 16/07/2024 | 16/07/2024 | Open Shelf |
